|
|
|
|
| LEADER |
00000nam0a2200000 4500 |
| 001 |
278444 |
| 005 |
20231101235119.0 |
| 020 |
|
|
|a RU
|b 86-7357
|
| 035 |
|
|
|a (RuTPU)RU\TPU\book\301721
|
| 090 |
|
|
|a 278444
|
| 100 |
|
|
|a 20141211d1985 k y0rusy5003 ca
|
| 101 |
0 |
|
|a rus
|
| 102 |
|
|
|a RU
|
| 105 |
|
|
|a a z 001zy
|
| 200 |
1 |
|
|a Стратиграфия плейстоцена Сибири. Актуальные проблемы и задачи
|e сборник научных трудов
|f Академия наук СССР (АН СССР), Сибирское отделение (СО), Институт геологии и геофизики (ИГиГ) ; под ред. С. А. Архипова
|
| 210 |
|
|
|a Новосибирск
|c Изд-во ИГИГ
|d 1985
|
| 215 |
|
|
|a 138 с.
|c ил.
|
| 320 |
|
|
|a Библиогр. в конце статей
|
| 606 |
1 |
|
|a Плейстоценовые отложения
|2 stltpush
|3 (RuTPU)RU\TPU\subj\49215
|9 68017
|
| 610 |
1 |
|
|a Сибирь
|
| 610 |
1 |
|
|a четвертичные отложения
|
| 610 |
1 |
|
|a стратиграфия
|
| 610 |
1 |
|
|a палеогеография
|
| 610 |
1 |
|
|a антропоген
|
| 610 |
1 |
|
|a картирование
|
| 610 |
1 |
|
|a бишкольская свита
|
| 675 |
|
|
|a 551.791
|v 4
|
| 702 |
|
1 |
|a Архипов
|b С. А.
|g Станислав Анатольевич
|4 340
|
| 712 |
0 |
2 |
|a Академия наук СССР (АН СССР)
|b Сибирское отделение (СО)
|b Институт геологии и геофизики (ИГиГ)
|c (Новосибирск)
|2 stltpush
|3 (RuTPU)RU\TPU\col\128
|
| 801 |
|
0 |
|a RU
|b RuMRKP
|c 19960704
|g psbo
|
| 801 |
|
1 |
|a RU
|b 63413507
|c 20141211
|
| 801 |
|
2 |
|a RU
|b 63413507
|c 20170411
|g RCR
|
| 942 |
|
|
|c BK
|